000 00988cam a2200301 a 4500
001 16962947
005 20170105102911.0
008 110915s2011 enkab 001 0 eng
010 _a 2011489992
020 _a9780091937768 (pbk.)
020 _a0091937760 (pbk.)
040 _aDLC
_cDLC
042 _apcc
050 0 0 _aDS371.412
_b.S68 2011
082 0 4 _a958.1047
_222
100 1 _aSouthby-Tailyour, Ewen.
245 1 0 _a3 Commando Brigade :
_bHelmand assault /
_cEwen Southby-Tailyour.
246 3 _aThree Commando Brigade
260 _aLondon :
_bEbury,
_c2011.
300 _axxx, 284 p. :
_bcol. ill., maps ;
_c20 cm.
610 1 0 _aGreat Britain.
_bRoyal Marines.
_bCommando, 3.
650 0 _aAfghan War, 2001-
_xCommando operations.
650 0 _aAfghan War, 2001-
_vPersonal narratives, British.
650 0 _aAfghan War, 2001-
_xCampaigns.
906 _a0
_bibc
_corigres
_d2
_encip
_f20
_gy-gencatlg
942 _2ddc
_cBK
999 _c15128
_d15128